00313nam a2200121Ia 4500008004100000041000800041082001600049100001700065245002900082260004500111300002400156365001100180240624s9999 xx 000 0 und d aeng a650.142 LEI aLEIGH JUDITH aCVS AND JOB APPLICATIONS c2006aNew DelhibOxford University press a144 : p. : cm. ; 20 cRSb30